[Event "Getxo op 3rd"]
[Site "Getxo"]
[Date "2018.09.09"]
[Round "2"]
[White "Hernandez Izaguirre, Eder"]
[Black "Huerga Leache, Mikel"]
[Result "0-1"]
[WhiteElo "2039"]
[BlackElo "2438"]
[PlyCount "58"]
[EventDate "2018.09.08"]
[EventType "swiss"]
[EventRounds "9"]
[EventCountry "ESP"]
[SourceTitle "EXT 2020"]
[Source "ChessBase"]
[SourceDate "2019.10.17"]
[SourceVersion "1"]
[SourceVersionDate "2019.10.17"]
[SourceQuality "1"]

1. c4 e5 2. g3 Nf6 3. Bg2 c6 4. d4 Bb4+ 5. Bd2 Bxd2+ 6. Qxd2 d6 7. Nf3 e4 8. Ng5 d5 9. 0-0 Qe7 10. cxd5 cxd5 11. f3 h6 12. Nh3 Bf5 13. Nc3 e3 14. Qc1 Nc6 15. Nf4 0-0-0 16. Rd1 Kb8 17. a3 g5 18. Bh3 gxf4 19. Bxf5 Rhg8 20. Rd3 Rg5 21. g4 Rdg8 22. Kh1 h5 23. Qf1 Ka8 24. h3 hxg4 25. fxg4 Nh5 26. Qf3 Ng3+ 27. Kh2 Nxf5 28. Qxf4 Rxg4 29. Qxf5 Qd6+ 0-1

[Event "Euskadi-chT"]
[Site "Bergara"]
[Date "2010.01.09"]
[Round "1"]
[White "Hernandez Sanchez, Elvis de la Caridad"]
[Black "Hernandez Izaguirre, Eder"]
[Result "1/2-1/2"]
[WhiteElo "2275"]
[BlackElo "2106"]
[PlyCount "64"]
[EventDate "2010.01.09"]
[EventType "team-tourn"]
[EventRounds "9"]
[EventCountry "ESP"]
[SourceTitle "EXT 2011"]
[Source "ChessBase"]
[SourceDate "2010.11.26"]
[SourceVersion "1"]
[SourceVersionDate "2010.11.26"]
[SourceQuality "1"]

1. e4 c5 2. Nf3 e6 3. d4 cxd4 4. Nxd4 a6 5. c4 Nf6 6. Nc3 Qc7 7. Be2 Nc6 8. a3 Be7 9. Be3 Ne5 10. f4 Nxc4 11. Bxc4 Qxc4 12. Rc1 0-0 13. Nd5 Nxd5 14. Rxc4 Nxe3 15. Qe2 Nxc4 16. Qxc4 b5 17. Qc7 Bd8 18. Qc3 Bb7 19. Qd3 Ba5+ 20. Kf2 Rac8 21. Kg3 Rc4 22. Nf3 Bxe4 23. Qxd7 Bc7 24. Rd1 Bxf4+ 25. Kh3 Bc7 26. Rd4 Rxd4 27. Qxd4 Bxf3 28. gxf3 Rd8 29. Qa7 Be5 30. Qxa6 Bxb2 31. Qxb5 Bxa3 32. Qa5 Be7 1/2-1/2

[Event "Erandio op 17th"]
[Site "Erandio"]
[Date "2008.12.21"]
[Round "3"]
[White "Rausis, Igors"]
[Black "Hernandez Izaguirre, Eder"]
[Result "1-0"]
[WhiteElo "2480"]
[BlackElo "2112"]
[PlyCount "113"]
[EventDate "2008.12.20"]
[EventType "swiss"]
[EventRounds "9"]
[EventCountry "ESP"]
[SourceTitle "EXT 2024"]
[Source "ChessBase"]
[SourceDate "2023.10.10"]
[SourceVersion "1"]
[SourceVersionDate "2023.10.10"]
[SourceQuality "1"]

1. Nf3 Nc6 2. d4 d5 3. c4 e5 4. dxe5 d4 5. a3 Nge7 6. e3 Bg4 7. Be2 dxe3 8. Qxd8+ Rxd8 9. Bxe3 Bxf3 10. Bxf3 Nxe5 11. Nd2 Nxf3+ 12. Nxf3 Nf5 13. Bd2 Nd4 14. Nxd4 Rxd4 15. Rc1 f6 16. Ke2 Kf7 17. Be3 Re4 18. Kf3 Re6 19. c5 a5 20. Rc3 Be7 21. Rb3 Rb8 22. Rb5 b6 23. cxb6 cxb6 24. Rc1 Bd6 25. a4 Be5 26. Rc4 Rb7 27. h3 h6 28. b4 Rc7 29. Rxc7+ Bxc7 30. bxa5 bxa5 31. Bd2 Rb6 32. Rxb6 Bxb6 33. Ke4 Ke6 34. g4 g6 35. Bxh6 Bxf2 36. Bd2 Bb6 37. h4 f5+ 38. gxf5+ gxf5+ 39. Kd3 Ke5 40. h5 Kf6 41. Bf4 Bc5 42. Kc4 Bb4 43. Kb5 Be1 44. Kc6 Ke6 45. Kc7 Bc3 46. Kc6 Be1 47. h6 Bc3 48. h7 Kf7 49. Bd2 Bd4 50. Bxa5 Kg7 51. Kd5 Be3 52. Bc3+ Kxh7 53. a5 Ba7 54. Bd4 Bb8 55. a6 f4 56. Kc6 f3 57. Bf2 1-0